Optimization of process conditions for TPU-PDMS rubber blends by using taguchi method (Record no. 64427)

MARC details
000 -LEADER
fixed length control field 00574nam a2200157Ia 4500
100 ## - MAIN ENTRY--AUTHOR NAME
Personal name Singh Preeti
245 #0 - TITLE STATEMENT
Title Optimization of process conditions for TPU-PDMS rubber blends by using taguchi method
260 ## - PUBLICATION, DISTRIBUTION, ETC. (IMPRINT)
Name of publisher Proceedings of the National Conference and Exposition on Rubber and Allied Materials. India Rub Tech Expo 2004. 13-14 February, 2004, Mysore.pp.246-251.
650 ## - SUBJECT ADDED ENTRY--TOPICAL TERM
Topical Term PDMS
650 ## - SUBJECT ADDED ENTRY--TOPICAL TERM
Topical Term Rubber blends
650 ## - SUBJECT ADDED ENTRY--TOPICAL TERM
Topical Term Taguchi statistical technique
650 ## - SUBJECT ADDED ENTRY--TOPICAL TERM
Topical Term TPU
700 ## - ADDED ENTRY--PERSONAL NAME
Personal name Nando Golok B
942 ## - ADDED ENTRY ELEMENTS (KOHA)
Koha item type Journals
Holdings
Withdrawn status Lost status Damaged status Not for loan Home library Current library Shelving location Date acquired Koha item type
      Journals RRII Library RRII Library Rubber chemistry 17/12/2021 Journals